Land reform and conservation areas in South Africa / (Record no. 13505)

MARC details
000 -LEADER
fixed length control field 00723nam a22002292 4500
001 - CONTROL NUMBER
control field 0000012652
005 - DATE AND TIME OF LATEST TRANSACTION
control field 20151217155852.0
008 - FIXED-LENGTH DATA ELEMENTS--GENERAL INFORMATION
fixed length control field 090303s xx 000 0 eng d
020 ## - INTERNATIONAL STANDARD BOOK NUMBER
International Standard Book Number 2831704847 :
040 ## - CATALOGING SOURCE
Original cataloging agency KABU
Transcribing agency KABU
100 1# - MAIN ENTRY--PERSONAL NAME
Personal name Wynberg, Rachel.
-- 0000169533
245 10 - TITLE STATEMENT
Title Land reform and conservation areas in South Africa /
Statement of responsibility, etc. Rachel Wynberg and Thembela Kepe.
250 ## - EDITION STATEMENT
Edition statement 1st ed.
260 ## - PUBLICATION, DISTRIBUTION, ETC. (IMPRINT)
Place of publication, distribution, etc. Pretoria :
Name of publisher, distributor, etc. IUCN,
Date of publication, distribution, etc. 1999.
300 ## - PHYSICAL DESCRIPTION
Extent 79 p.
650 #0 - SUBJECT ADDED ENTRY--TOPICAL TERM
Topical term or geographic name as entry element Land reform
Geographic subdivision South Africa.
-- 0000166629
650 #0 - SUBJECT ADDED ENTRY--TOPICAL TERM
Topical term or geographic name as entry element Land use
Geographic subdivision South Africa.
-- 0000167363
700 1# - ADDED ENTRY--PERSONAL NAME
Personal name Kepe, Thembela.
-- 0000169534
852 1# - LOCATION
-- p500 KES
908 ## - PUT COMMAND PARAMETER (RLIN)
Put command parameter 090303
950 ## - LOCAL HOLDINGS (RLIN)
-- 1
Holdings
Withdrawn status Lost status Source of classification or shelving scheme Not for loan Home library Current library Date acquired Total Checkouts Full call number Barcode Date last seen Price effective from Koha item type
    Library of Congress Classification   Kabarak, Main Campus Kabarak, Main Campus 17/12/2015   HD1336 .S6W96 1999 c. 1 16885 17/12/2015 17/12/2015 Africana Collection
Designed with assistance from East African Informatics Ltd